[Event "61st POL-ch"]
[Site "Warsaw POL"]
[Date "2004.04.28"]
[Round "5"]
[White "Macieja, Bartlomiej"]
[Black "Jaracz, Pawel"]
[Result "1/2-1/2"]
[WhiteElo "2633"]
[BlackElo "2539"]
[PlyCount "91"]
[EventDate "2004.04.24"]

1. e4 c6 2. d4 d5 3. Nc3 dxe4 4. Nxe4 Bf5 5. Ng3 Bg6 6. h4 h6 7. Nf3 Nd7 8. h5
Bh7 9. Bd3 Bxd3 10. Qxd3 Ngf6 11. Bf4 Qa5+ 12. Bd2 Qa4 13. b3 Qa3 14. Ne5 e6
15. f4 Be7 16. O-O O-O 17. Nc4 Qa6 18. f5 b5 19. Ne5 Nxe5 20. dxe5 Qb6+ 21. Be3
Bc5 22. exf6 Bxe3+ 23. Kh2 Rfd8 24. Qe2 Rd4 25. Kh3 Bg5 26. Ne4 exf5 27. Nxg5
hxg5 28. Rxf5 Rh4+ 29. Kg3 gxf6 30. Rd1 Rd8 31. Rxf6 Qb8+ 32. Kf2 Rxd1 33. Qxd1
Qe5 34. Rf3 Qc5+ 35. Ke2 Rxh5 36. Qd8+ Qf8 37. Qxf8+ Kxf8 38. Rf6 Rh1 39. Rxc6
Ra1 40. Ra6 Rc1 41. Rc6 Kg7 42. a4 bxa4 43. bxa4 Rg1 44. Kf3 Ra1 45. Ra6 Rc1
46. Rxa7 1/2-1/2

[Event "61st POL-ch"]
[Site "Warsaw POL"]
[Date "2004.04.29"]
[Round "6"]
[White "Murdzia, Piotr"]
[Black "Jaracz, Pawel"]
[Result "1/2-1/2"]
[WhiteElo "2455"]
[BlackElo "2539"]
[PlyCount "48"]
[EventDate "2004.04.24"]

1. e4 c6 2. d4 d5 3. e5 Bf5 4. Be3 e6 5. Nf3 Nd7 6. Be2 Bg6 7. O-O Nh6 8. c4
Nf5 9. Nc3 Be7 10. cxd5 cxd5 11. Qb3 Rb8 12. Bf4 Bh5 13. Rfd1 O-O 14. h3 Bxf3
15. Bxf3 Bg5 16. Bh2 Qb6 17. Bg4 g6 18. Bxf5 gxf5 19. Rd3 Kh8 20. Ne2 Rbc8 21.
Bf4 Bxf4 22. Nxf4 Rc4 23. Rad1 Qxb3 24. axb3 Rc2 1/2-1/2

[Event "61st POL-ch"]
[Site "Warsaw POL"]
[Date "2004.04.29"]
[Round "6"]
[White "Lagowski, Patryk"]
[Black "Socko, Bartosz"]
[Result "0-1"]
[WhiteElo "2425"]
[BlackElo "2579"]
[PlyCount "192"]
[EventDate "2004.04.24"]

1. d4 Nf6 2. c4 e6 3. g3 c5 4. Nf3 cxd4 5. Nxd4 d5 6. Bg2 e5 7. Nb5 a6 8. N5c3
d4 9. Nd5 Nxd5 10. cxd5 Bc5 11. O-O O-O 12. e3 dxe3 13. Bxe3 Bxe3 14. fxe3 Nd7
15. Nc3 Qb6 16. d6 Qxe3+ 17. Kh1 Nb6 18. Rc1 Be6 19. Re1 Qd4 20. Bxb7 Ra7 21.
Bg2 Nc4 22. Re4 Qxd1+ 23. Nxd1 Nxd6 24. Rxe5 Bxa2 25. Rc6 Nb5 26. Nc3 Be6 27.
Nxb5 axb5 28. h4 Ra2 29. Rb6 Rxb2 30. Rexb5 Rd2 31. Rb2 Rd1+ 32. Kh2 g6 33. Bh3
Bd5 34. Bg2 Bc4 35. R6b4 Rc1 36. Rb8 Be6 37. Bh3 f5 38. Bg2 Rxb8 39. Rxb8+ Kg7
40. Rb7+ Kh6 41. Rb6 Bf7 42. Rc6 Rb1 43. Rc7 Bg8 44. Bf3 Rb2+ 45. Kg1 Ba2 46.
Re7 Bc4 47. Rc7 Bd3 48. Re7 Rc2 49. Re3 Rd2 50. Re1 Bc4 51. Re7 Bb3 52. Rc7 Bg8
53. Re7 Rd4 54. Kf2 Bb3 55. Ke3 Rc4 56. Kf2 Rc1 57. Re1 Rc7 58. Re5 Kg7 59. Rb5
Rc2+ 60. Ke3 Rc3+ 61. Kf2 Kf6 62. Ra5 Rc7 63. Ke3 Be6 64. Ra6 Rc3+ 65. Kf2 Ke5
66. Ra5+ Kd4 67. Ra4+ Ke5 68. Ra5+ Kf6 69. Ra6 Rd3 70. Rb6 h6 71. Be2 Rc3 72.
Bf3 Ke5 73. Rb1 Rc2+ 74. Kg1 g5 75. Re1+ Kf6 76. hxg5+ hxg5 77. Re2 Rc1+ 78.
Kf2 Bc4 79. Rd2 Rc3 80. Bd1 Bd3 81. Bf3 Be4 82. Be2 Rc1 83. Rb2 Rh1 84. Rb6+
Ke5 85. Rb5+ Kd4 86. Rb4+ Kc5 87. Rb8 Rh2+ 88. Ke3 Rg2 89. g4 Rg3+ 90. Kf2 f4
91. Rb5+ Kd4 92. Rxg5 Rg2+ 93. Kf1 Ke3 94. Bb5 Rb2 95. Kg1 Rb1+ 96. Bf1 Bd3 0-1

[Event "61st POL-ch"]
[Site "Warsaw POL"]
[Date "2004.04.29"]
[Round "6"]
[White "Kempinski, Robert"]
[Black "Cyborowski, Lukasz"]
[Result "1-0"]
[WhiteElo "2586"]
[BlackElo "2565"]
[PlyCount "57"]
[EventDate "2004.04.24"]

1. d4 Nf6 2. c4 e6 3. Nf3 d5 4. Nc3 c5 5. cxd5 Nxd5 6. e3 Nc6 7. Bd3 cxd4 8.
exd4 Be7 9. O-O O-O 10. Re1 Bf6 11. Be4 Nce7 12. Qc2 g6 13. Bh6 Bg7 14. Bxg7
Kxg7 15. Rac1 b6 16. Nxd5 exd5 17. Bd3 Nf5 18. Qc7 Nd6 19. Re7 Bg4 20. Qxd8
Rfxd8 21. Ne5 Be6 22. Rcc7 Rac8 23. Rxa7 Rc1+ 24. Bf1 Nb5 25. Nxf7 Re8 26. Nd8+
Rxe7 27. Rxe7+ Kf8 28. Rxe6 Nxd4 29. Re3 1-0

[Event "61st POL-ch"]
[Site "Warsaw POL"]
[Date "2004.04.29"]
[Round "6"]
[White "Gdanski, Jacek"]
[Black "Markowski, Tomasz"]
[Result "1/2-1/2"]
[WhiteElo "2529"]
[BlackElo "2605"]
[PlyCount "46"]
[EventDate "2004.04.24"]

1. e4 c5 2. Nf3 e6 3. c3 d5 4. exd5 Qxd5 5. Na3 Nf6 6. d4 Nc6 7. Nb5 Qd8 8.
dxc5 Bxc5 9. Qxd8+ Kxd8 10. Bf4 Ne4 11. Ng5 Nxg5 12. Bxg5+ f6 13. Bf4 e5 14.
O-O-O+ Ke7 15. Bg3 Bg4 16. f3 Bf5 17. b4 Be3+ 18. Kb2 Rad8 19. Be2 Bb6 20. Na3
Rxd1 21. Rxd1 Rd8 22. Rxd8 Nxd8 23. Nc4 Bg1 1/2-1/2

[Event "61st POL-ch"]
[Site "Warsaw POL"]
[Date "2004.04.29"]
[Round "6"]
[White "Jakubiec, Artur"]
[Black "Macieja, Bartlomiej"]
[Result "1/2-1/2"]
[WhiteElo "2532"]
[BlackElo "2633"]
[PlyCount "30"]
[EventDate "2004.04.24"]

1. d4 Nf6 2. c4 e6 3. Nc3 Bb4 4. Qc2 c5 5. dxc5 O-O 6. Nf3 Na6 7. Bd2 Nxc5 8.
a3 Bxc3 9. Bxc3 Nce4 10. Bxf6 Nxf6 11. e4 d6 12. Be2 b6 13. O-O Bb7 14. Bd3 Rc8
15. Qe2 Nd7 1/2-1/2

[Event "61st POL-ch"]
[Site "Warsaw POL"]
[Date "2004.04.30"]
[Round "7"]
[White "Jaracz, Pawel"]
[Black "Jakubiec, Artur"]
[Result "1/2-1/2"]
[WhiteElo "2539"]
[BlackElo "2532"]
[PlyCount "38"]
[EventDate "2004.04.24"]

1. e4 e6 2. d4 d5 3. Nd2 Nf6 4. e5 Nfd7 5. c3 c5 6. Bd3 Nc6 7. Ne2 cxd4 8. cxd4
f6 9. exf6 Nxf6 10. O-O Bd6 11. Nf3 O-O 12. Bf4 Bxf4 13. Nxf4 Ne4 14. g3 Qf6
15. h4 h6 16. Bxe4 dxe4 17. Ne5 Rd8 18. Nxc6 bxc6 19. Qc1 Rb8 1/2-1/2

[Event "61st POL-ch"]
[Site "Warsaw POL"]
[Date "2004.04.30"]
[Round "7"]
[White "Jakubowski, Krzysztof"]
[Black "Kempinski, Robert"]
[Result "1/2-1/2"]
[WhiteElo "2492"]
[BlackElo "2586"]
[PlyCount "103"]
[EventDate "2004.04.24"]

1. e4 c5 2. Nf3 d6 3. d4 cxd4 4. Nxd4 Nf6 5. Nc3 a6 6. Be2 e6 7. Be3 Be7 8. f4
O-O 9. g4 Nfd7 10. g5 b5 11. a3 Bb7 12. h4 Nc6 13. Qd2 Nc5 14. Bf3 Na5 15. b3
Qc7 16. O-O Rac8 17. Nde2 Ncxb3 18. cxb3 Nxb3 19. Qb2 Nxa1 20. Qxa1 d5 21. exd5
Bc5 22. Bxc5 Qxc5+ 23. Kg2 exd5 24. Nd1 Rfe8 25. Nd4 Qc1 26. Qxc1 Rxc1 27. Rf2
Kf8 28. h5 Rec8 29. Rd2 g6 30. h6 Ke7 31. Kg3 Kd6 32. Rd3 R1c4 33. Nf2 Kc5 34.
Ne2 Rd8 35. Ng4 Bc8 36. Ne5 Be6 37. Rd1 d4 38. Nxc4 bxc4 39. Kf2 Rd7 40. Ng3 c3
41. Be2 c2 42. Rc1 d3 43. Bxd3 Rxd3 44. Rxc2+ Kd4 45. a4 Bd5 46. Ne2+ Ke4 47.
Rc5 Rd2 48. Rc3 Be6 49. Rc5 Kd3 50. Rc3+ Ke4 51. Rc5 Bg4 52. Re5+ 1/2-1/2

[Event "61st POL-ch"]
[Site "Warsaw POL"]
[Date "2004.04.30"]
[Round "7"]
[White "Macieja, Bartlomiej"]
[Black "Miton, Kamil"]
[Result "1-0"]
[WhiteElo "2633"]
[BlackElo "2563"]
[PlyCount "91"]
[EventDate "2004.04.24"]

1. e4 c5 2. Nf3 Nc6 3. Nc3 e5 4. Bc4 Be7 5. d3 d6 6. Nd2 Bg5 7. h4 Bxd2+ 8.
Bxd2 Nf6 9. Nd5 Nxd5 10. Bxd5 O-O 11. c3 Qe8 12. f4 exf4 13. Bxf4 Be6 14. Bxd6
Bxd5 15. Bxf8 Kxf8 16. Qh5 Be6 17. Qxc5+ Kg8 18. O-O f6 19. d4 b6 20. Qb5 Na5
21. Qxe8+ Rxe8 22. b3 Bf7 23. Rae1 Nc6 24. g4 h5 25. g5 fxg5 26. hxg5 Bg6 27.
e5 b5 28. e6 Ne7 29. Re5 Rd8 30. Rd1 Rd6 31. d5 Kf8 32. c4 bxc4 33. bxc4 Ke8
34. c5 Rd8 35. d6 Nc6 36. Re3 Bf5 37. g6 Rb8 38. Rf1 Rb1 39. Rxb1 Bxb1 40. Rb3
Bxg6 41. Rb7 Bf5 42. Rc7 Nd8 43. e7 Nf7 44. Rxa7 Be4 45. Rc7 Bf5 46. Rb7 1-0

[Event "61st POL-ch"]
[Site "Warsaw POL"]
[Date "2004.04.30"]
[Round "7"]
[White "Socko, Bartosz"]
[Black "Gdanski, Jacek"]
[Result "1/2-1/2"]
[WhiteElo "2579"]
[BlackElo "2529"]
[PlyCount "76"]
[EventDate "2004.04.24"]

1. e4 e6 2. d4 d5 3. Nd2 c5 4. Ngf3 Nc6 5. exd5 exd5 6. Bb5 Bd6 7. dxc5 Bxc5 8.
O-O Nge7 9. Nb3 Bd6 10. Bg5 O-O 11. Bh4 Bg4 12. c3 Qc7 13. Bg3 Rad8 14. Be2 Nf5
15. Nfd4 Bxe2 16. Nxe2 d4 17. cxd4 Bxg3 18. hxg3 Qb6 19. Qd3 Nfxd4 20. Nexd4
Nxd4 21. Rfd1 Nxb3 22. Qxb3 Qxb3 23. axb3 a6 24. Kf1 g6 25. Rxd8 Rxd8 26. Ke2
Rd5 27. Rc1 Rb5 28. Rc3 h5 29. Kd2 Kg7 30. Rf3 g5 31. Kc3 Kg6 32. Kd4 a5 33.
Rc3 Rb4+ 34. Kd3 f6 35. Kc2 Re4 36. Kd2 Rb4 37. Kc2 Re4 38. Kd2 Rb4 1/2-1/2

[Event "61st POL-ch"]
[Site "Warsaw POL"]
[Date "2004.04.30"]
[Round "7"]
[White "Cyborowski, Lukasz"]
[Black "Lagowski, Patryk"]
[Result "1-0"]
[WhiteElo "2565"]
[BlackElo "2425"]
[PlyCount "89"]
[EventDate "2004.04.24"]

1. e4 c5 2. Nf3 d6 3. Nc3 Nf6 4. d4 cxd4 5. Qxd4 Nc6 6. Bb5 Bd7 7. Bxc6 Bxc6 8.
Bg5 e6 9. O-O-O Be7 10. Rhe1 O-O 11. Kb1 Qa5 12. Qd2 Qb6 13. Nd4 Rac8 14. f3 a5
15. g4 a4 16. Be3 Qa6 17. h4 Nd7 18. Bg5 f6 19. Be3 Ne5 20. f4 Nc4 21. Qd3 Bd7
22. f5 Qa5 23. fxe6 Nxb2 24. Kxb2 a3+ 25. Ka1 Rxc3 26. Qd2 f5 27. exd7 Bf6 28.
g5 Be5 29. Rb1 f4 30. Bg1 Qc7 31. Rxb7 Qc4 32. Kb1 f3 33. Bf2 Rd8 34. Nb3 Kh8
35. Bb6 Qb4 36. Ba5 Qxb7 37. Bxc3 f2 38. Rf1 Bxc3 39. Qxc3 Qxe4 40. Qd2 Qe5 41.
c3 Rxd7 42. Qxf2 Qe4+ 43. Ka1 h5 44. gxh6 gxh6 45. Qd4+ 1-0

[Event "61st POL-ch"]
[Site "Warsaw POL"]
[Date "2004.05.01"]
[Round "8"]
[White "Miton, Kamil"]
[Black "Jaracz, Pawel"]
[Result "1/2-1/2"]
[WhiteElo "2563"]
[BlackElo "2539"]
[PlyCount "61"]
[EventDate "2004.04.24"]

1. d4 Nf6 2. c4 e6 3. Nf3 b6 4. a3 Ba6 5. Qc2 Bb7 6. Nc3 c5 7. e4 cxd4 8. Nxd4
Bc5 9. Nb3 Nc6 10. Bg5 Nd4 11. Nxd4 Bxd4 12. Bd3 h6 13. Bh4 Qb8 14. Bg3 Be5 15.
O-O-O O-O 16. Kb1 d6 17. Bxe5 dxe5 18. Rd2 Bc6 19. f3 a5 20. Be2 Nd7 21. Rhd1
Nc5 22. b4 axb4 23. axb4 Ba4 24. Nxa4 Rxa4 25. Qc3 Nb7 26. Ra2 Rxa2 27. Kxa2
Qc7 28. Kb3 Ra8 29. Ra1 Rxa1 30. Qxa1 Nd8 31. Qc3 1/2-1/2

[Event "61st POL-ch"]
[Site "Warsaw POL"]
[Date "2004.05.01"]
[Round "8"]
[White "Lagowski, Patryk"]
[Black "Jakubowski, Krzysztof"]
[Result "0-1"]
[WhiteElo "2425"]
[BlackElo "2492"]
[PlyCount "118"]
[EventDate "2004.04.24"]

1. e4 c5 2. Nf3 d6 3. d4 cxd4 4. Nxd4 Nf6 5. Nc3 a6 6. Bc4 e6 7. O-O Nc6 8. Bb3
Na5 9. f4 Nxb3 10. axb3 Qc7 11. Qf3 Bd7 12. Be3 Be7 13. Qg3 g6 14. e5 Nh5 15.
Qf3 O-O 16. Rae1 f5 17. exf6 Bxf6 18. g3 Rae8 19. Qd1 Bg7 20. Qd3 Nf6 21. Ne4
Nxe4 22. Qxe4 e5 23. fxe5 dxe5 24. Rxf8+ Rxf8 25. Nf3 Bc6 26. Qc4+ Kh8 27. Ng5
Qd7 28. Qe6 h6 29. Qxd7 Bxd7 30. Ne4 Bf5 31. Bd2 Rd8 32. Bc3 Rd5 33. Kf2 h5 34.
h4 Kg8 35. b4 Kf7 36. Kf3 Ke7 37. Ra1 Kd7 38. Re1 Kc6 39. Ra1 Bf8 40. Ke3 Be7
41. Ra3 Bd8 42. Ra1 Bc7 43. Kf3 Rd8 44. Re1 Rf8 45. Kg2 Be6 46. Nc5 Bd5+ 47.
Kg1 Rf3 48. Bxe5 Bxe5 49. Rxe5 Rxg3+ 50. Kf1 Rg4 51. Nd3 Rxh4 52. b3 Be4 53.
Re6+ Kd5 54. Re7 Kd4 55. Ke2 Bc6 56. Rg7 Rh2+ 57. Nf2 Rg2 58. Rf7 Kc3 59. Kd1
Rg1+ 0-1

[Event "61st POL-ch"]
[Site "Warsaw POL"]
[Date "2004.05.01"]
[Round "8"]
[White "Markowski, Tomasz"]
[Black "Socko, Bartosz"]
[Result "1/2-1/2"]
[WhiteElo "2605"]
[BlackElo "2579"]
[PlyCount "206"]
[EventDate "2004.04.24"]

1. g3 c5 2. Bg2 Nc6 3. c4 g6 4. Nc3 Bg7 5. Nf3 Nh6 6. O-O Nf5 7. b3 b6 8. Bb2
Bb7 9. e3 Qc8 10. g4 Nh6 11. h3 f5 12. g5 Nf7 13. d4 d6 14. d5 Nce5 15. Ne1 h6
16. f4 Nd7 17. h4 Nf8 18. Qd2 Qd7 19. Nf3 hxg5 20. hxg5 e5 21. dxe6 Nxe6 22.
Rfd1 O-O-O 23. a4 Rh5 24. a5 Bxc3 25. Bxc3 Nfxg5 26. fxg5 Nxg5 27. Nxg5 Rxg5
28. e4 Rg3 29. Ra2 fxe4 30. axb6 e3 31. Qe1 Rxg2+ 32. Rxg2 Bxg2 33. Qxe3 Qg4
34. Rd2 Bf3+ 35. Kf2 Bc6 36. bxa7 Qh4+ 37. Ke2 Qh5+ 38. Ke1 Qh1+ 39. Ke2 Kb7
40. Qe7+ Rd7 41. Qf8 Qe4+ 42. Kf1 Qh1+ 43. Ke2 Qe4+ 44. Kf1 Qb1+ 45. Kf2 Kxa7
46. Rb2 Qh1 47. Bf6 Qf3+ 48. Ke1 Qe3+ 49. Kf1 Qf3+ 50. Ke1 Qe4+ 51. Kf2 Qf4+
52. Ke1 Kb7 53. b4 Qxc4 54. bxc5+ Bb5 55. Qe8 Qc1+ 56. Kf2 Qxc5+ 57. Kg3 Kc7
58. Qe1 Bc6 59. Qc3 Qg1+ 60. Kf4 Qf1+ 61. Kg3 Qg1+ 62. Kf4 Qa7 63. Bd4 Qa4 64.
Kg5 Rf7 65. Kxg6 Re7 66. Kf6 Rh7 67. Qb4 Qxb4 68. Rxb4 Bd5 69. Kf5 Rh3 70. Kg4
Rd3 71. Kf4 Rf3+ 72. Kg4 Rf8 73. Kg5 Bg2 74. Bf6 Kc6 75. Rf4 Kd5 76. Bg7 Rg8
77. Kf6 Kc5 78. Rg4 Bc6 79. Kf7 Bd5+ 80. Ke7 Rb8 81. Bd4+ Kc6 82. Rh4 Rb4 83.
Kf6 Ba2 84. Rf4 Rb8 85. Bf2 Bb1 86. Ke7 Rb7+ 87. Kf6 Rb5 88. Bd4 Rh5 89. Bf2 d5
90. Ke6 Be4 91. Rf8 Kb5 92. Kd6 Kc4 93. Rc8+ Kd3 94. Rd8 Rh2 95. Bc5 Kc4 96.
Ba7 Rh7 97. Bg1 Rh1 98. Bf2 Rf1 99. Ba7 Rf7 100. Bg1 Bf5 101. Ke5 Bd7 102. Rh8
Rf5+ 103. Kd6 Bb5 1/2-1/2

[Event "61st POL-ch"]
[Site "Warsaw POL"]
[Date "2004.05.01"]
[Round "8"]
[White "Mista, Aleksander"]
[Black "Macieja, Bartlomiej"]
[Result "0-1"]
[WhiteElo "2517"]
[BlackElo "2633"]
[PlyCount "74"]
[EventDate "2004.04.24"]

1. e4 c5 2. Nf3 e6 3. d4 cxd4 4. Nxd4 a6 5. Bd3 Bc5 6. Nb3 Be7 7. O-O d6 8. c4
Nf6 9. Nc3 b6 10. Bf4 Nbd7 11. Re1 O-O 12. Rc1 Bb7 13. Bf1 Qc7 14. f3 Rac8 15.
Qd2 Qb8 16. Qf2 Bd8 17. Be3 Re8 18. Red1 Bc7 19. g3 h5 20. Bd4 Bc6 21. a4 Nc5
22. Nxc5 bxc5 23. Bxf6 gxf6 24. f4 Kg7 25. Bg2 Ba5 26. f5 Bxc3 27. Rxc3 exf5
28. Rf1 Re5 29. g4 hxg4 30. Rg3 Rg8 31. Rxg4+ Kf8 32. Rxg8+ Kxg8 33. Qg3+ Kf8
34. Rxf5 Qxb2 35. Rxe5 dxe5 36. h4 Qd4+ 37. Kh2 Bxe4 0-1

[Event "61st POL-ch"]
[Site "Warsaw POL"]
[Date "2004.05.01"]
[Round "8"]
[White "Murdzia, Piotr"]
[Black "Jakubiec, Artur"]
[Result "0-1"]
[WhiteElo "2455"]
[BlackElo "2532"]
[PlyCount "73"]
[EventDate "2004.04.24"]

1. e4 e6 2. d4 d5 3. Nd2 Nf6 4. e5 Nfd7 5. Bd3 c5 6. c3 Nc6 7. Ne2 cxd4 8. cxd4
f6 9. exf6 Nxf6 10. Nf3 Bd6 11. O-O O-O 12. Bf4 Bxf4 13. Nxf4 Ne4 14. Ne2 Rxf3
15. gxf3 Ng5 16. Kh1 e5 17. dxe5 Nxf3 18. Bxh7+ Kh8 19. Ng1 Ncd4 20. Re1 Bg4
21. Re3 Qh4 22. Nxf3 Qxf2 23. Rc3 Qxb2 24. Qc1 Qxc3 25. Qxc3 Bxf3+ 26. Qxf3
Nxf3 27. Bc2 Nxe5 28. Rd1 Rd8 29. Be4 d4 30. Bxb7 g5 31. Kg1 Kg7 32. Be4 Kf6
33. Kf2 Ng4+ 34. Kg3 Ne3 35. Rb1 d3 36. Bf3 d2 37. Bd1 0-1

[Event "61st POL-ch"]
[Site "Warsaw POL"]
[Date "2004.05.01"]
[Round "8"]
[White "Gdanski, Jacek"]
[Black "Cyborowski, Lukasz"]
[Result "1/2-1/2"]
[WhiteElo "2529"]
[BlackElo "2565"]
[PlyCount "59"]
[EventDate "2004.04.24"]

1. e4 c6 2. d4 d5 3. exd5 cxd5 4. c4 Nf6 5. Nc3 Nc6 6. Nf3 Bg4 7. cxd5 Nxd5 8.
Qb3 Bxf3 9. gxf3 e6 10. Qxb7 Nxd4 11. Bb5+ Nxb5 12. Qc6+ Ke7 13. Qxb5 Qd7 14.
Nxd5+ Qxd5 15. Qxd5 exd5 16. Bf4 Ke6 17. O-O-O Rd8 18. Rhe1+ Kf5 19. Rd4 f6 20.
b4 g5 21. Bd2 h5 22. Kc2 Rh7 23. Kd3 Rc7 24. h3 Rc4 25. a3 a6 26. a4 Rxd4+ 27.
Kxd4 Rc8 28. Rc1 Rxc1 29. Bxc1 Bxb4 30. Kxd5 1/2-1/2

[Event "61st POL-ch"]
[Site "Warsaw POL"]
[Date "2004.05.03"]
[Round "9"]
[White "Cyborowski, Lukasz"]
[Black "Markowski, Tomasz"]
[Result "1-0"]
[WhiteElo "2565"]
[BlackElo "2605"]
[PlyCount "75"]
[EventDate "2004.04.24"]

1. e4 c5 2. Nf3 e6 3. d4 cxd4 4. Nxd4 a6 5. Nc3 b5 6. Bd3 d6 7. O-O Nf6 8. Qe2
Be7 9. a4 b4 10. Na2 Qb6 11. Be3 Qb7 12. Bd2 e5 13. Nb3 Nc6 14. Bg5 O-O 15.
Bxf6 Bxf6 16. Bc4 Be6 17. Rfd1 Rfd8 18. c3 bxc3 19. Nxc3 Nb4 20. Bxe6 fxe6 21.
a5 Rac8 22. Na4 Rc2 23. Qg4 Kf7 24. Qh5+ Ke7 25. Qxh7 Qb5 26. Nc1 Qxa5 27. g4
Kf7 28. Qh5+ Kg8 29. g5 Be7 30. Qg6 Rf8 31. Qxe6+ Kh8 32. Qh3+ Kg8 33. g6 Bh4
34. Qxh4 Rfxf2 35. Qh7+ Kf8 36. Rf1 Rxf1+ 37. Kxf1 Qb5+ 38. Kg1 1-0

[Event "61st POL-ch"]
[Site "Warsaw POL"]
[Date "2004.05.03"]
[Round "9"]
[White "Jaracz, Pawel"]
[Black "Mista, Aleksander"]
[Result "1-0"]
[WhiteElo "2539"]
[BlackElo "2517"]
[PlyCount "43"]
[EventDate "2004.04.24"]

1. d4 d5 2. c4 dxc4 3. e4 Nf6 4. e5 Nd5 5. Bxc4 Nb6 6. Bd3 Nc6 7. Ne2 Be6 8.
Nbc3 Bd5 9. O-O e6 10. a3 Qd7 11. Be3 O-O-O 12. b4 f6 13. b5 Na5 14. Nxd5 Qxd5
15. Nf4 Qd7 16. Qc2 fxe5 17. Nxe6 Re8 18. Nxf8 Rhxf8 19. Bd2 e4 20. Be2 Nd5 21.
Bxa5 Nf4 22. Bg4 1-0

[Event "61st POL-ch"]
[Site "Warsaw POL"]
[Date "2004.05.03"]
[Round "9"]
[White "Jakubiec, Artur"]
[Black "Miton, Kamil"]
[Result "0-1"]
[WhiteElo "2532"]
[BlackElo "2563"]
[PlyCount "60"]
[EventDate "2004.04.24"]

1. d4 Nf6 2. c4 Nc6 3. Nc3 e5 4. d5 Ne7 5. e4 Ng6 6. Bd3 Bc5 7. Nf3 d6 8. b4
Bb6 9. Na4 O-O 10. h3 Bd7 11. Nxb6 axb6 12. Bc2 Qe8 13. Bg5 Nh5 14. Be3 Nhf4
15. O-O f5 16. Kh2 Qc8 17. Ng1 fxe4 18. Bxe4 Bf5 19. Qc2 Nh4 20. Bxf4 Bxe4 21.
Qxe4 Rxf4 22. Qe2 Qf5 23. Rac1 Rf8 24. c5 bxc5 25. bxc5 e4 26. cxd6 cxd6 27. g3
Rxf2+ 28. Rxf2 Qxf2+ 29. Qxf2 Rxf2+ 30. Kh1 Nf5 0-1

[Event "61st POL-ch"]
[Site "Warsaw POL"]
[Date "2004.05.03"]
[Round "9"]
[White "Krasenkow, Michal"]
[Black "Lagowski, Patryk"]
[Result "1/2-1/2"]
[WhiteElo "2609"]
[BlackElo "2425"]
[PlyCount "107"]
[EventDate "2004.04.24"]

1. Nf3 d5 2. d4 c6 3. c4 e6 4. e3 f5 5. Nc3 Nf6 6. Be2 Bd6 7. Ne5 O-O 8. O-O
Nbd7 9. f4 Qe7 10. Bd2 a5 11. Kh1 Bb4 12. Na4 dxc4 13. Nxd7 Nxd7 14. Bf3 Qd6
15. Nc3 Bxc3 16. Bxc3 b5 17. a3 Nf6 18. Qe1 Qc7 19. e4 fxe4 20. Bxe4 Bb7 21.
Bc2 c5 22. dxc5 Qxc5 23. Qxe6+ Kh8 24. Qh3 Qh5 25. Qxh5 Nxh5 26. f5 Rfe8 27.
Rae1 Nf6 28. Rxe8+ Rxe8 29. Re1 Rxe1+ 30. Bxe1 a4 31. Kg1 Ne4 32. Bb4 Kg8 33.
Kf1 Kf7 34. Ke2 Nf6 35. g3 h5 36. Bc3 Nd5 37. Kd2 Bc6 38. Be4 Bb7 39. h3 Bc6
40. g4 hxg4 41. hxg4 Bb7 42. g5 Bc6 43. Bd4 Kg8 44. Bf3 Ne7 45. Bxc6 Nxc6 46.
Ke3 b4 47. axb4 Nxb4 48. Bc3 a3 49. bxa3 Nc2+ 50. Ke4 Nxa3 51. Bb4 Nb5 52. Bc5
Kf7 53. Bb4 c3 54. Kd3 1/2-1/2

[Event "61st POL-ch"]
[Site "Warsaw POL"]
[Date "2004.05.03"]
[Round "9"]
[White "Macieja, Bartlomiej"]
[Black "Kempinski, Robert"]
[Result "1/2-1/2"]
[WhiteElo "2633"]
[BlackElo "2586"]
[PlyCount "164"]
[EventDate "2004.04.24"]

1. e4 c5 2. Nc3 a6 3. Nge2 d6 4. g3 Nf6 5. Bg2 e6 6. O-O Be7 7. d3 Nc6 8. f4 d5
9. e5 Nd7 10. Nb1 O-O 11. Nd2 Qc7 12. d4 a5 13. a4 b6 14. Nf3 Ba6 15. Be3 Rfc8
16. Rf2 b5 17. axb5 Bxb5 18. Nc3 Bc4 19. b3 Ba6 20. Na4 Nb4 21. c3 cxd4 22.
Nxd4 Nd3 23. Rd2 N3c5 24. Nxc5 Nxc5 25. c4 Bb7 26. cxd5 Bxd5 27. Bxd5 exd5 28.
Nf5 Bf8 29. Rxd5 Qb7 30. Rb1 Ne4 31. Rd7 Qb5 32. Qd3 Qxd3 33. Rxd3 Rc2 34. Rbd1
g6 35. Nd6 Nc5 36. Bxc5 Rxc5 37. Ne4 Rc2 38. Rd7 a4 39. bxa4 Rxa4 40. Nf6+ Kg7
41. R1d2 Rxd2 42. Rxd2 Be7 43. Ne8+ Kf8 44. Nc7 h5 45. Kg2 h4 46. Nd5 hxg3 47.
hxg3 Ra5 48. Kf3 Ra3+ 49. Kg4 Ra5 50. Rd3 Rc5 51. Kf3 Ra5 52. Kg4 Rc5 53. Rd1
Ra5 54. Rd2 Rc5 55. Kf3 Ra5 56. g4 Ra3+ 57. Kg2 Bd8 58. g5 Ke8 59. Nf6+ Bxf6
60. gxf6 Rb3 61. Ra2 Rb5 62. Ra8+ Kd7 63. Ra7+ Ke8 64. Kf3 Rb1 65. Kg3 Re1 66.
Re7+ Kf8 67. Rc7 Ke8 68. Kf2 Re4 69. Kg3 Re1 70. Rc8+ Kd7 71. Rf8 Ke6 72. Re8+
Kf5 73. Re7 g5 74. fxg5 Kxg5 75. Kf2 Re4 76. Kf3 Re1 77. Kg2 Kf5 78. Rxf7 Rxe5
79. Rf8 Kg6 80. Kf3 Rf5+ 81. Ke4 Rxf6 82. Rxf6+ Kxf6 1/2-1/2

[Event "61st POL-ch"]
[Site "Warsaw POL"]
[Date "2004.05.03"]
[Round "9"]
[White "Jakubowski, Krzysztof"]
[Black "Gdanski, Jacek"]
[Result "0-1"]
[WhiteElo "2492"]
[BlackElo "2529"]
[PlyCount "154"]
[EventDate "2004.04.24"]

1. Nf3 Nf6 2. b3 g6 3. Bb2 Bg7 4. d4 O-O 5. Nbd2 c5 6. e3 cxd4 7. exd4 d5 8.
Be2 Nc6 9. O-O Bf5 10. a3 Rc8 11. Re1 Ne4 12. Nf1 Nd6 13. Ne3 Be4 14. Ng5 e6
15. Nxe4 Nxe4 16. Rb1 Qf6 17. f3 Nd6 18. Bf1 Nf5 19. Nxf5 Qxf5 20. Kh1 Rfd8 21.
Qd2 a6 22. Rbd1 Qf6 23. Qf2 Rd7 24. c3 Qd8 25. Rd3 Qb6 26. b4 Ne5 27. Rdd1 Nc4
28. Bc1 Nd6 29. Rd3 Rdc7 30. Qd2 a5 31. Rd1 Qa7 32. Qe1 Nc4 33. g3 axb4 34.
axb4 Ra8 35. Bf4 Rc6 36. b5 Rcc8 37. Rb1 Qb6 38. Rb3 Ra2 39. Rd1 Bf8 40. Rbb1
Ra5 41. h4 Rxb5 42. Rxb5 Qxb5 43. Rb1 Qc6 44. Kh2 Ra8 45. Ra1 b5 46. Rxa8 Qxa8
47. Qb1 Na3 48. Qd3 Qa4 49. g4 Qb3 50. Kg3 Nc4 51. h5 Qb2 52. h6 Qa1 53. Kh3
Qe1 54. g5 Bd6 55. Bxd6 Nxd6 56. Qe2 Qxe2 57. Bxe2 f6 58. f4 Kf7 59. Kg4 Ne4
60. Bxb5 Nxc3 61. Bd3 Ne4 62. Bc2 Nd6 63. Bd3 Nc8 64. Kg3 Ne7 65. Kf3 Nf5 66.
Bxf5 exf5 67. Kg3 Ke6 68. Kf3 Kd6 69. Ke3 Kc6 70. gxf6 Kd6 71. Kf3 Ke6 72. Kg3
Kxf6 73. Kh4 g5+ 74. fxg5+ Kg6 75. Kh3 Kxg5 76. Kg3 f4+ 77. Kf3 Kf5 0-1

[Event "61st POL-ch"]
[Site "Warsaw POL"]
[Date "2004.05.03"]
[Round "9"]
[White "Socko, Bartosz"]
[Black "Murdzia, Piotr"]
[Result "1/2-1/2"]
[WhiteElo "2579"]
[BlackElo "2455"]
[PlyCount "128"]
[EventDate "2004.04.24"]

1. e4 e5 2. Nf3 Nf6 3. Nc3 Nc6 4. g3 d5 5. exd5 Nxd5 6. Bg2 Nxc3 7. bxc3 Bd6 8.
O-O O-O 9. d3 Bf5 10. Rb1 Rb8 11. Be3 Qd7 12. Re1 Bh3 13. Bh1 h6 14. d4 e4 15.
Nd2 f5 16. f4 Qf7 17. c4 b6 18. c3 Na5 19. c5 Be7 20. Qa4 Rbd8 21. Bg2 Bxg2 22.
Kxg2 Bf6 23. Rb2 Kh7 24. Qb5 Qd5 25. Qa6 Rf7 26. Rd1 g5 27. c4 Qa8 28. Nf1 Qc6
29. Rbd2 Qa4 30. Qxa7 Qxc4 31. cxb6 Nc6 32. Qa3 cxb6 33. d5 Ne7 34. d6 Ng6 35.
Qb3 b5 36. Rc2 Qxb3 37. axb3 Rfd7 38. Rc6 Nf8 39. Bb6 Ra8 40. Ne3 Kg6 41. Rc5
Ra6 42. Rxb5 Rb7 43. Nc4 Nd7 44. Ra5 Rxa5 45. Bxa5 Rxb3 46. Rd5 gxf4 47. gxf4
h5 48. Bd2 h4 49. Ra5 Rd3 50. Be3 Rc3 51. Nb6 Nxb6 52. Bxb6 Rd3 53. Bc7 h3+ 54.
Kf2 Bg7 55. Ke2 Bh6 56. Ra6 Kh5 57. d7 Rxd7 58. Be5 Bg7 59. Ra3 Bxe5 60. fxe5
Re7 61. Ke3 Rxe5 62. Kf4 Rb5 63. Rxh3+ Kg6 64. Ra3 Rb6 1/2-1/2

[Event "61st POL-ch"]
[Site "Warsaw POL"]
[Date "2004.05.04"]
[Round "10"]
[White "Murdzia, Piotr"]
[Black "Miton, Kamil"]
[Result "1/2-1/2"]
[WhiteElo "2455"]
[BlackElo "2563"]
[PlyCount "30"]
[EventDate "2004.04.24"]

1. d4 Nf6 2. Nf3 d5 3. c4 c6 4. Nc3 e6 5. Bg5 h6 6. Bxf6 Qxf6 7. e3 Nd7 8. Bd3
Bd6 9. O-O Qe7 10. cxd5 exd5 11. e4 dxe4 12. Nxe4 O-O 13. Re1 Nf6 14. Ne5 Nxe4
15. Bxe4 Bxe5 1/2-1/2

[Event "61st POL-ch"]
[Site "Warsaw POL"]
[Date "2004.05.04"]
[Round "10"]
[White "Markowski, Tomasz"]
[Black "Jakubowski, Krzysztof"]
[Result "1-0"]
[WhiteElo "2605"]
[BlackElo "2492"]
[PlyCount "57"]
[EventDate "2004.04.24"]

1. g3 c5 2. Bg2 Nc6 3. c4 g6 4. Nc3 Bg7 5. Nf3 e5 6. O-O Nge7 7. d3 O-O 8. a3
d6 9. Rb1 a5 10. Bd2 h6 11. Ne1 Bg4 12. Nc2 Qc8 13. b4 b6 14. b5 Nd4 15. Bxa8
Qxa8 16. f3 Bh3 17. Rf2 f5 18. Ne3 f4 19. Ned5 Qd8 20. gxf4 Nxd5 21. Nxd5 Qh4
22. e3 exf4 23. exd4 Rf5 24. Qe2 Rg5+ 25. Kh1 Bxd4 26. Qe8+ Kg7 27. Qe7+ Kh8
28. Re1 Bg7 29. Bc3 1-0